00932cam a2200241Ia 4500020002800000020003100028082003200059100002600091245011300117250001200230260004200242300005700284526003700341650003000378650002800408650002700436650001300463710002500476856006000501942001200561999001900573952009800592 a1405168390 (electronic) a9781405168397 (electronic)04a624.1821bJOHcL-01, P-111.1 aJohnson, R. P.94296010aComposite structures of steel and concretebbeams, slabs, columns, and frames for buildings /cR.P. Johnson. a3rd ed. aMalden, MA :bBlackwell Pub.,cc2004. axviii, 230 p. :bill. : digital, HTML and PDF files. a0b0c0d624_182100000000000_JOH 0aBuilding, Iron and steel. 0aComposite construction. 0aConcrete construction. 0aMCE93792 aKnovel (Firm)94098140uhttp://www.columbia.edu/cgi-bin/cul/resolve?clio6985673 2ddccBK c546866d546866 00102ddc4070aMCEbMCEd2014-06-20l0o624.1821 JOHpMCE-37282r2014-06-20w2014-06-20yBK